000 04182nam a2200289 4500
003 OSt
005 20250224141718.0
008 250122t2018 flua|||| |||| 00| 0 eng d
020 _a978 - 1 - 138 - 63405 - 3
040 _cPA
_erda
041 _aeng
_beng
_feng
_heng
082 0 0 _aPA 632.32 B675
100 1 _aBorkar, Suresh G.
_9189190
245 _aLaboratory Techniques in Plant Bacteriology /
_cBorkar, Suresh G.
264 _aBoca Ratón :
_bCRC Press,
_c2018
300 _axvi, 320 p.
336 _2rdacontent
_atexto
_btxt
337 _2rdamedia
_asin medio
_bn
338 _2rdacarrier
_avolumen
_bnc
500 _aIncluye referencias bibliográficas e índice.
505 _gPreface -- Acknowledgments -- 1.Laboratory Ethics in Plant Bacteriology Laboratory, Instruments, and General Guidelines -- 2.Confirmation of Bacterial Pathogen in Diseased Sample. -- 3.Histopathology of Bacterial Infection. -- 4.Sterilization. -- 5.Medium for Isolation of Plant Pathogenic Bacteria. -- 6.Isolation of Bacterial Plant Pathogens. -- 7.Purification of Plant Pathogenic Bacterial Cultures. -- 8.Rapid Assessment of Plant Pathogenic Nature of Bacterial Isolates. 9.Determination of Pathogenesity of the Isolated Bacterial Culture on Natural Host Plant. -- 10.Isolation and Enumeration of Microorganisms Associated with Bacterial Plant Pathogens from Soil, Rhizosphere, and Phylloplane. -- 11.Preparation of Pure Cultures of Microorganisms. -- 12.Maintenance and Preservation of Bacterial Pure Cultures. -- 13.Staining of Bacterial Cultures for Morphological Studies. -- 14.Bacterial Mobility. -- 15.Describing Bacterial Colony Morphology. -- 16.Physiological Characterization of Bacteria (Effect of Environmental Conditions on Growth of Bacteria). -- 17.Biochemical Test Used in Identification of Bacteria. -- 18.Characterization of Phytopathogenic Bacteria up to Genus. -- 19.Differentiation of Bacterial Genus into Group. -- 20.Differentiation of Bacterial Genus up to Species. -- 21.Identification of Races of Bacterial Plant Pathogen. -- 22.Studies on Bacterial Cell Wall Related Biological Compounds. -- 23.Isolation of Bacterial Metabolite. -- 24.Role of Bacterial Component in Induction of Disease Reaction or Pathogenesis. -- 25.Enumeration of Bacterial Population. -- 26.Determination of Ice-Nucleation in Plant Pathogenic Bacteria. -- 27.Transmission of Plant Pathogenic Bacteria through Vector. -- 28.Determination of Perpetuation of Bacterial Plant Pathogen. -- 29.Determination of Plant Resistance. -- 30.Identification of Bacteria by Using Immunodiagnostic Technique. -- 31.Identification of Bacteria by Using Molecular Techniques. -- 32.Bacteriophages of Plant Pathogenic Bacteria. -- 33.Determination of Bacterial Sensitivity to Antibiotics and Pesticide. -- 34.Determination of Mutation in Bacterial Plant Pathogen. -- 35.Transfer of Genetic Factor in Plant Pathogenic Bacteria. -- 36.Population Studies of Plant Pathogenic Bacteria on Host Plant. -- 37.Preservation of Bacterial Disease Samples. -- 38.Measurement of Plant Bacterial Disease. -- 39.Isolation of Antibacterial Compounds. -- 40.Isolation of Antibacterial Microbes. -- 41.Preparation of Bactericidal Formulations. -- Biblography -- Apppendix -- Index.
520 _aLaboratory Techniques in Plant Bacteriology is ideal for scientists and students who seek a career in plant pathogenic bacteria. This book contains 41 chapters comprising practicable techniques from isolation of bacterial plant pathogens to their identification up to species and race/biotype level. It includes identification protocols of morphological, biochemical, immunological, and molecular-based techniques. This book comprises all technological aspects of plant bacteriological studies. Its content is ideal for graduate students and research scholars including bacteriological professionals or technicians. The book ultimately provides working technologies useful for controlling bacterial disease pathogens.
534 _pTítulo original:
650 0 _aEnfermedades bacterianas de las plantas
_9187274
_vManual de Laboratorio
650 7 _aBacteriología agrícola
_99337
_xManual de Laboratorio
942 _2ddc
_cLIBRO
999 _c220358
_d220358